000 00407nam a2200181Ia 4500
001 10540
005 20260306161839.0
008 260306t1999||||xx |||||||||||||| ||spa||
041 _aESP
082 _a940.2
_bS75
100 _aSpielvogel, Jackson J.
_eAUT
245 0 _aCivilizaciones de occidente
260 _c1999
300 _a
_c
650 _aGEN
654 _aCHU
942 _cLIB
_dJUS
_fJUS
_2ddc
_n
999 _c10540
_d10540